000 01017nam a22002417a 4500
003 PE SENCICO BE
005 20251020182637.0
008 230529b |||||||| |||| 00| 0 eng d
040 _aPE SENCICO BE
_cPE SENCICO BE
041 _aspa
084 _aI
_aGEO
_a2016
_bP43
100 1 _91075
_aPeña Vento, Juan Jose
_eautor
245 1 _aDeterminación del potencial hidroenergético en la sub - Cuenca del Río Huatziroki /
_cJuan Jose Peña Vento
260 _aLima :
_c2016
300 _a59 h. :
_bil., planos,
_c29 cm.
502 _aMonografía de Titulación.-- Servicio Nacional de Capacitación para la Industria de la Construcción. Escuela Superior Técnica. Carrera Profesional Técnica en Geomática, 2016.
650 1 4 _91071
_aGeomática
650 2 4 _91076
_aProducción de energía eléctrica
650 2 4 _91077
_aHidroeléctricas
710 1 _aServicio Nacional de Capacitación para la Industria de la Construcción.
_bEscuela Superior Técnica
_91065
910 _bhfp
_chfp
942 _cMON
_2ddc
999 _c4168
_d4168